000 02087nam a22002417a 4500
005 20091215115956.0
020 _a9788189976477
_c80.00
035 _aB-377834-837
037 _bएकलव्य प्रकाशन
082 _a331
100 _aआइलैया, कांचा
_91479
245 _aकुम्हार, धोबी, बुनकर, मोची हमारे समय में श्रम की गरिमा /
_cकांचा आइलैया; भरत त्रिपाठी द्वारा अँग्रेजी से अनुदित
260 _aभोपाल
_bएकलव्य
_c2009
270 _aई-10, बीडीए कालोनी शंकर नगर, शिवाजी नगर
_bभोपाल
_e462016 (म.प्र.)
_k0755 2550976, 2671017
_l0755 2551108
_mwww.eklavya.in
300 _a108पृ.
_bसचित्र
_c22सेमी (अजिल्द)
700 _aत्रिपाठी, भरत
_91480
942 _2ddc
_cCH
_h331
_mआइलै
999 _c32854
_d32854